Documentos de Estudio. Realidad Centroaméricana. Declaraciones de los PDC. con relación a las FF.AA.

Guardado en:
Bibliografiske detaljer
Format: Texto
Udgivet: s.l: INCEP
Udgivelse:0
Tags: Tilføj Tag
Ingen Tags, Vær først til at tagge denne postø!

MARC

LEADER 00000 a a2200000 04500
001 25312
003
040
090 |a 150015  
245 |a Documentos de Estudio. Realidad Centroaméricana. Declaraciones de los PDC. con relación a las FF.AA.  
250 |a 0  
260 |a s.l:   |b INCEP  
999 |c 13732  |d 13732